Актуальные проблемы аграрного сектора; Известия Томского политехнического университета [Известия ТПУ]; Т. 317, № 6 : Экономика. Философия, социология и культурология
| Parent link: | Известия Томского политехнического университета [Известия ТПУ]/ Томский политехнический университет (ТПУ).— , 2000- Т. 317, № 6 : Экономика. Философия, социология и культурология.— 2010.— [С. 38-41] |
|---|---|
| Autore principale: | |
| Altri autori: | , |
| Riassunto: | Заглавие с титульного листа Электронная версия печатной публикации Описан опыт развития аграрного комплекса России и показано, что государственная политика в сфере сельского хозяйства была и остается неэффективной. Проведен анализ современного состояния аграрного сектора РФ. На основе этого анализа выявлена специфика аграрного комплекса России, сформулирована стратегия его дальнейшего развития и определены направления государственного регулирования. Указаны факторы, которые препятствуют реализации стратегии развития аграрного сектора в России. |
| Lingua: | russo |
| Pubblicazione: |
2010
|
| Serie: | Экономика |
| Soggetti: | |
| Accesso online: | http://www.lib.tpu.ru/fulltext/v/Bulletin_TPU/2010/v317/i6/08.pdf |
| Natura: | MixedMaterials Elettronico Capitolo di libro |
| KOHA link: | https://koha.lib.tpu.ru/cgi-bin/koha/opac-detail.pl?biblionumber=194029 |
MARC
| LEADER | 00000nla2a2200000 4500 | ||
|---|---|---|---|
| 001 | 194029 | ||
| 005 | 20240204123729.0 | ||
| 035 | |a (RuTPU)RU\TPU\book\211584 | ||
| 035 | |a RU\TPU\book\211583 | ||
| 090 | |a 194029 | ||
| 100 | |a 20110401d2010 k y0rusy50 ca | ||
| 101 | 0 | |a rus | |
| 102 | |a RU | ||
| 135 | |a drnn ---uucaa | ||
| 181 | 0 | |a i | |
| 182 | 0 | |a b | |
| 200 | 1 | |a Актуальные проблемы аграрного сектора |f А. В. Андреев, Ж. А. Ермушко, Э. В. Плучевская | |
| 203 | |a Текст |c электронный | ||
| 215 | |a 1 файл (54 Кб) | ||
| 225 | 1 | |a Экономика | |
| 300 | |a Заглавие с титульного листа | ||
| 300 | |a Электронная версия печатной публикации | ||
| 320 | |a [Библиогр.: с. 41 (5 назв.)] | ||
| 330 | |a Описан опыт развития аграрного комплекса России и показано, что государственная политика в сфере сельского хозяйства была и остается неэффективной. Проведен анализ современного состояния аграрного сектора РФ. На основе этого анализа выявлена специфика аграрного комплекса России, сформулирована стратегия его дальнейшего развития и определены направления государственного регулирования. Указаны факторы, которые препятствуют реализации стратегии развития аграрного сектора в России. | ||
| 337 | |a Adobe Reader | ||
| 461 | 1 | |0 (RuTPU)RU\TPU\book\176237 |t Известия Томского политехнического университета [Известия ТПУ] |f Томский политехнический университет (ТПУ) |d 2000- | |
| 463 | 1 | |0 (RuTPU)RU\TPU\book\211506 |x 1684-8519 |t Т. 317, № 6 : Экономика. Философия, социология и культурология |v [С. 38-41] |d 2010 |p 248 с. | |
| 610 | 1 | |a аграрная модель | |
| 610 | 1 | |a сельское хозяйство | |
| 610 | 1 | |a материально-техническая база | |
| 610 | 1 | |a инфраструктура | |
| 610 | 1 | |a точечный рост | |
| 610 | 1 | |a труды учёных ТПУ | |
| 610 | 1 | |a электронный ресурс | |
| 700 | 1 | |a Андреев |b А. В. |g Анатолий Васильевич | |
| 701 | 1 | |a Ермушко |b Ж. А. |c экономист |c доцент Томского политехнического университета, кандидат экономических наук |f 1965- |g Жанна Александровна |3 (RuTPU)RU\TPU\pers\25993 |9 11842 | |
| 701 | 1 | |a Плучевская |b Э. В. |c экономист |c доцент Томского политехнического университета, кандидат экономических наук |f 1977- |g Эмилия Валерьевна |3 (RuTPU)RU\TPU\pers\26812 | |
| 801 | 1 | |a RU |b 63413507 |c 20090623 |g PSBO | |
| 801 | 2 | |a RU |b 63413507 |c 20211224 |g PSBO | |
| 856 | 4 | |u http://www.lib.tpu.ru/fulltext/v/Bulletin_TPU/2010/v317/i6/08.pdf | |
| 942 | |c CF | ||